000 00459 a2200157 4500
005 20250628065222.0
020 _a978-0-324-38198-6
082 _a657 STI
100 _aSTICKNEY, C. P.
245 _aFinancial Accounting: An Introduction to Concepts, Methods, and Uses,
250 _a12th Ed.
260 _aNew York
_bCENGAGE Leaning,
_c2007.
300 _axvi, 845,: ill.; figure, table
_bGlossary & Index
_c28cm
700 _aWEIL, R. L.
942 _2ddc
_cBKS
999 _c5828
_d5828